00281nam a22001217a 4500040000700000082000800007100001600015245007000031260002700101300000900128942000700137999001500144 cSK a338 aNGO SOTHATH aAgriculture sector financing and services for smallholder farmers aPhnom PenhbNGO c2010 a57p. cEK c9502d9502